000 01240ny a22002893n 4500
005 20240305165314.0
008 080616s2003 sp s 000 0 spa c
020 _a849566528X
035 _a708
040 _aUMA.RE
_dvLex
080 _a628.4(4-672 UE)(0.034)
080 _a628.4(460)(0.034)
080 _a628.4(460.23)(0.034)
090 _c280
_d280
100 1 _aRenyer Alimbau, Jaume
245 1 0 _aIntroducció al Règim Jurídic de la Valorització dels Residus Municipals
_h[Recurso electrónico]
_cJaume Renyer i Alimbau, Josep María Sabaté Vidal
256 _aServicio en línea
260 _aBarcelona :
_bCedecs,
_c2003
506 1 _aContenido solo disponible en los productos indicados
_dvLex Global
_dvLex Global (Academic Edition, excluding Law Schools)
_dvLex Global (U.S. Academic Edition, Law Schools)
_dvLex Global (U.S. Academic Edition, excluding Law Schools)
_dvLex Global (Academic Edition, Law Schools)
650 0 4 _aAdministrativo
_2Tesauro vLex
650 0 4 _aActividad administrativa
_2Tesauro vLex
650 0 4 _aActo administrativo
_2Tesauro vLex
700 1 _aSabatè Vidal, Josep Maria
740 0 _avLex Libros (Servicios en línea)
856 4 0 _uhttps://app.vlex.com/#/sources/708
942 _cRAA
999 _c158812
_d158812